000 00292nam a22001337a 4500
008 170503b xxu||||| |||| 00| 0 eng d
020 _a9780813344713
041 _aeng
080 _a34
100 _a13
101 _aSHJ
245 _aINTERNATIONAL LAW
_cSILVERBURG.S.R
942 _2udc
_cBK
999 _c12579
_d12579